000 00727nam a2200265Ia 4500
005 20260302114922.0
008 008 260114s9999 xx 000 0 eng d
020 _a9781474281089
037 _aTextbook
040 _aCRL
040 _beng
040 _cCRL
041 _2eng
041 _aeng
084 _qCRL
100 _aEzra Pound and Olga Rudge
_91120165
245 0 _aEzra Pound's and Olga Rudge's The Blue Spill A Manuscript Critical Edition
260 _bBloomsbury
260 _bBloomsbury Academic
260 _c2019
650 _aLiterary Studies
856 _uhttps://doi.org/10.5040/9781474281089?locatt=label:secondary_bloomsburyCollections
942 _cEBOOK
999 _c1684300
_d1684300